000 00690nam a2200229 i 4500
003 DO-SdBNP
005 20231023150818.0
006 a||||gr|||| 00| 0
007 ta
008 231023e1983 dr ac||| |||| 00| 0bspa d
040 _aDO-SdBNP
_bspa
_cBNPHU
_erda
082 4 _222
_bL817g
100 1 _aClase, Pablo,
_d1953-
_qHijo
_979931
245 1 0 _aGeorge Lockward. /
_bPablo Clase, Hijo.
264 _aSanto Domingo :
_bEducativa Dominicana,
_c1983
300 _a28 páginas :
_bIlustraciones, retratos ;
_c21 cm.
336 _2rdacontent
_atexto
_btxt
337 _2rdamedia
_asin mediación
_bn
338 _2rdacarrier
_avolumen
_bnc
590 _aInventariado 2023 / MF
942 _2ddc
_cLF2
999 _c55256
_d55256